| 000 | 004330000a22001810004500 | ||
|---|---|---|---|
| 003 | MACL | ||
| 005 | 20160112124314.0 | ||
| 008 | 160112b xxu||||| |||| 00| 0 eng d | ||
| 040 |
_aMACL _cMACL |
||
| 041 | _aEnglish | ||
| 082 | _a931/MEN | ||
| 100 |
_aMende, Tibor _929434 |
||
| 245 | _aChina and her Shadow | ||
| 260 |
_bThames and Hudson _c1960 _aLondon |
||
| 350 | _a35 | ||
| 650 |
_aHistory _931156 |
||
| 942 |
_cBK _k931/MEN _2ddc |
||
| 999 |
_c36145 _d36145 |
||